000 00718nam a2200217Ia 4500
005 20241129105857.0
008 241129s9999||||xx |||||||||||||| ||und||
020 _a978-93-91952-35-8
037 _aTB
040 _aARTS
_bhin
_cARTS
041 _ahin
_2hin
084 _aQ23.2'C 152R3
_qARTS
100 _aनीलम रानी, ले.
245 0 _aप्राचीन भारत में शैव धर्म
_cनीलम रानी, ले.
260 _aनई दिल्ली, भारत
_bपाठक पब्लिशर्स
_c2018
300 _a199पृ0
365 _aINR
_b1295
650 _aReligion
942 _cTB
_hQ23.2'C 152R3
999 _c1226396
_d1226396